Vývoj vzájomných zahraničnoobchodných vzťahov EÚ s Ukrajinou vplyvom globálnych geopolitických zmien

Analýza súčasného vývoja zahranično-obchodných vzťahov a investičnej činnosti EÚ s Ukrajinou. Porovanie obchodovania s regiónom Euroázijskej colnej únie. Stanovenie smerovania rozvoja vzájomných vzťahov EÚ s Ukrajinou.

Saved in:
Bibliographic Details
Main Author: Kašťáková, Elena, 1974-
Other Authors: Drobcová, Lenka, 1976-
Format: Book Chapter
Language:Slovak
Subjects:
Tags: Add Tag
No Tags, Be the first to tag this record!

MARC

LEADER 00000naa a2200000 4500
001 0195632
005 20240502073302.3
041 0 |a slo 
044 |a SK 
245 1 0 |a Vývoj vzájomných zahraničnoobchodných vzťahov EÚ s Ukrajinou vplyvom globálnych geopolitických zmien  |c Elena Kašťáková, Lenka Drobcová 
520 |a Analýza súčasného vývoja zahranično-obchodných vzťahov a investičnej činnosti EÚ s Ukrajinou. Porovanie obchodovania s regiónom Euroázijskej colnej únie. Stanovenie smerovania rozvoja vzájomných vzťahov EÚ s Ukrajinou. 
610 2 0 |a Ukrajina 
610 2 0 |a Euroázijská ekonomická únia 
610 2 0 |a Európska únia 
610 2 0 |a vzťahy zahraničné 
100 1 |a Kašťáková, Elena, 1974- 
700 1 |a Drobcová, Lenka, 1976-